书目信息 |
| 题名: |
汽车人因工程学
|
|
| 作者: | 沃克 , 斯坦顿 , 萨蒙 著 ;王驷通 译 | |
| 分册: | ||
| 出版信息: | 北京 机械工业出版社 2018.04 |
|
| 页数: | 280页 | |
| 开本: | 24cm | |
| 丛书名: | 汽车先进技术译丛 | |
| 单 册: | ||
| 中图分类: | U461 , TB18 , U46 | |
| 科图分类: | ||
| 主题词: | 汽车工程--人因工程 | |
| 电子资源: | ||
| ISBN: | 978-7-111-59257-0 | |
| 000 | 01438oam2 2200337 450 | |
| 001 | 5139 | |
| 005 | 20181014111238.49 | |
| 010 | @a978-7-111-59257-0@b精装@dCNY149.00 | |
| 100 | @a20180714d2018 em y0chiy50 ea | |
| 101 | 1 | @achi@ceng |
| 102 | @aCN@b110000 | |
| 105 | @aa z 000yy | |
| 200 | 1 | @a汽车人因工程学@9qi che ren yin gong cheng xue@f(英)盖伊·H. 沃克(Guy H. Walker),(英)内维尔·A. 斯坦顿(Neville A. Stanton),(澳)保罗·M. 萨蒙(Paul M. Salmon)著@g王驷通译 |
| 210 | @a北京@c机械工业出版社@d2018.04 | |
| 215 | @a280页@c图@d24cm | |
| 225 | 2 | @a汽车先进技术译丛@i智能网联汽车系列 |
| 305 | @a由Taylor&Francis出版集团旗下,Ashgate出版公司授权出版 | |
| 306 | @a本书限中国大陆发行 | |
| 330 | @a本书作者先从自动驾驶和传统驾驶的共性入手,详细地、层级化地定义了车辆的驾驶行为,即:何种操纵可以让车辆产生何种运动。其次,针对上述提到的每种车辆运动,可能出现哪些带来危险的操纵错误,造成这些错误的原因是什么,人类的大脑是如何思维、和周围环境交互,从而来避免这些危险的发生。 | |
| 461 | 0 | @12001 @a汽车先进技术译丛 |
| 462 | 0 | @12001 @a智能网联汽车系列 |
| 606 | 0 | @a汽车工程@x人因工程 |
| 690 | @aU461@v5 | |
| 690 | @aTB18@v5 | |
| 690 | @aU46@v4 | |
| 701 | 0 | @c(英)@a沃克@9wo ke@c(Walker, Guy H.)@4著 |
| 701 | 0 | @c(英)@a斯坦顿@9si tan dun@c(Stanton, Neville A.)@4著 |
| 701 | 0 | @c(澳)@a萨蒙@9sa meng@c(Salmon, Paul M.)@4著 |
| 702 | 0 | @a王驷通@9wang si tong@4译 |
| 801 | 0 | @aCN@b91MARC@c20180714 |
| 905 | @aMuseLib@dU46@e780 | |
| 汽车人因工程学/(英)盖伊·H. 沃克(Guy H. Walker),(英)内维尔·A. 斯坦顿(Neville A. Stanton),(澳)保罗·M. 萨蒙(Paul M. Salmon)著/王驷通译.-北京:机械工业出版社,2018.04 |
| 280页:图;24cm.-(汽车先进技术译丛.智能网联汽车系列) |
| ISBN 978-7-111-59257-0(精装):CNY149.00 |
| 本书作者先从自动驾驶和传统驾驶的共性入手,详细地、层级化地定义了车辆的驾驶行为,即:何种操纵可以让车辆产生何种运动。其次,针对上述提到的每种车辆运动,可能出现哪些带来危险的操纵错误,造成这些错误的原因是什么,人类的大脑是如何思维、和周围环境交互,从而来避免这些危险的发生。 |
| ● |
| 相关链接 |
|
|
|
|
正题名:汽车人因工程学
索取号:U46/780
 
预约/预借
| 序号 | 登录号 | 条形码 | 馆藏地/架位号 | 状态 | 备注 |
| 1 | 1128296 | 211282967 | 第二样本阅览室/ [索取号:U46/780] | 在馆 | |
| 2 | 1128297 | 211282976 | 密集书库-物理学院/ [索取号:U46/780] | 在馆 | |
| 3 | 1128298 | 211282985 | 第三借阅区/ [索取号:U46/780] | 在馆 |